00964nam a22001937a 4500003000900000008004100009040007100050082004500121110005500166245006800221260004200289300002800331440006000359505023400419650002300653650002600676650001300702710005500715AR-CdUCM190425b ||||| |||| 00| 0 spa d aMUNICIPALIDAD PROVINCIAL DEL CUSCOcBIBLIOTECA MUNICIPAL DEL CUSCO aRev.Univ/N°11/1914bRev.Univ/N°11/1914 aUniversidad Nacional de San Antonio Abad del Cusco aRevista Universitaria :bÓrgano de la Universidad del Cuzco / aCusco :bEl Trabajo,cdiciembre 1914. a52 páginas. :c20 cm. aRevista UniversitarianAño III, diciembre 1914, N°11 aContenido: Estudios geográficos en el departamento. Fortunato L. Herrera. -- Memoria leída por el rector en el año académico. Alberto A. Geisecke. -- La marcha de la universidad durante el año 1914. Alberto A. Geisecke. aHistoria del Cusco aGeografía del Cusco aSiglo XX aUniversidad Nacional de San Antonio Abad del Cusco